[Event "Ceriano Laghetto op-C 17th"]
[Site "Ceriano Laghetto"]
[Date "2008.03.30"]
[Round "4"]
[White "Pensa, Lorenzo"]
[Black "Di Cicco, Daniela"]
[Result "0-1"]
[WhiteElo "1437"]
[BlackElo "1281"]
[PlyCount "102"]
[EventDate "2008.03.28"]
[EventType "swiss"]
[EventRounds "5"]
[EventCountry "ITA"]
[SourceTitle "EXT 2011"]
[Source "ChessBase"]
[SourceDate "2010.11.26"]
[SourceVersion "1"]
[SourceVersionDate "2010.11.26"]
[SourceQuality "1"]

1. d4 d5 2. Bf4 Nf6 3. Nf3 h6 4. Nbd2 Bf5 5. e3 e6 6. Be2 Bd6 7. Be5 Nbd7 8. Bxf6 Nxf6 9. 0-0 0-0 10. c3 Re8 11. Qb3 Rb8 12. Nh4 Bh7 13. Rac1 c6 14. c4 Qe7 15. cxd5 Nxd5 16. e4 Qxh4 17. Nf3 Qxe4 18. Bd3 Qxd3 19. Qxd3 Bxd3 20. Rfd1 Be2 21. Re1 Bxf3 22. gxf3 Nf4 23. Re4 Nd3 24. Rd1 Nxb2 25. Rf1 f5 26. Rh4 Be7 27. Rh3 Nd3 28. Kh1 Bd6 29. Kg2 Nf4+ 30. Kg3 Nxh3+ 31. Kxh3 Re7 32. Rg1 Kh7 33. Rh1 Rbe8 34. Kh4 e5 35. dxe5 Bxe5 36. h3 Bd4 37. Rf1 Re2 38. Kg3 Rxa2 39. h4 h5 40. f4 Ra3+ 41. f3 Re2 42. Rb1 Bf2+ 43. Kg2 Bxh4+ 44. Kf1 Rf2+ 45. Kg1 Rfxf3 46. Kg2 Rf2+ 47. Kg1 Raa2 48. Kh1 Rh2+ 49. Kg1 Rag2+ 50. Kf1 Rb2 51. Re1 Rh1# 0-1

[Event "Ceriano Laghetto op-C 17th"]
[Site "Ceriano Laghetto"]
[Date "2008.03.30"]
[Round "5"]
[White "Villa, Giorgio"]
[Black "Pensa, Lorenzo"]
[Result "1-0"]
[WhiteElo "1431"]
[BlackElo "1437"]
[PlyCount "108"]
[EventDate "2008.03.28"]
[EventType "swiss"]
[EventRounds "5"]
[EventCountry "ITA"]
[SourceTitle "EXT 2011"]
[Source "ChessBase"]
[SourceDate "2010.11.26"]
[SourceVersion "1"]
[SourceVersionDate "2010.11.26"]
[SourceQuality "1"]

1. e4 e5 2. Nf3 Nc6 3. d3 d6 4. g3 Nge7 5. Nc3 g6 6. Bg2 Bg7 7. 0-0 0-0 8. Be3 Be6 9. Qd2 d5 10. Bh6 dxe4 11. Bxg7 Kxg7 12. dxe4 Qc8 13. Nd5 Nxd5 14. exd5 Bh3 15. dxc6 bxc6 16. Nxe5 Bxg2 17. Kxg2 Qe6 18. Rfe1 Rad8 19. Qe3 Qd5+ 20. Qf3 Qxf3+ 21. Kxf3 Rd6 22. Rad1 Rf6+ 23. Kg2 Re8 24. Nf3 Rxe1 25. Rxe1 c5 26. Re5 Rb6 27. b3 Rb5 28. c4 Ra5 29. a4 f6 30. Re7+ Kf8 31. Rxh7 Ra6 32. Rxc7 Rd6 33. Rxc5 Rb6 34. Rb5 Rd6 35. Rb7 Rd3 36. b4 a6 37. b5 axb5 38. axb5 Rc3 39. Rc7 Ke8 40. c5 Kd8 41. b6 Rb3 42. Nd4 Rb4 43. Ne6+ Ke8 44. b7 f5 45. c6 g5 46. Nc5 Kd8 47. Na6 Rb6 48. Rh7 f4 49. b8Q+ Rxb8 50. Nxb8 fxg3 51. hxg3 Kc8 52. Na6 g4 53. f3 gxf3+ 54. Kxf3 Kd8 1-0

[Event "Ceriano Laghetto op-C 17th"]
[Site "Ceriano Laghetto"]
[Date "2008.03.29"]
[Round "3"]
[White "Gonella, Graziano"]
[Black "Pensa, Lorenzo"]
[Result "0-1"]
[WhiteElo "1260"]
[BlackElo "1437"]
[PlyCount "62"]
[EventDate "2008.03.28"]
[EventType "swiss"]
[EventRounds "5"]
[EventCountry "ITA"]
[SourceTitle "EXT 2011"]
[Source "ChessBase"]
[SourceDate "2010.11.26"]
[SourceVersion "1"]
[SourceVersionDate "2010.11.26"]
[SourceQuality "1"]

1. e4 e5 2. Nf3 Nc6 3. d4 d6 4. Nc3 Nf6 5. Bg5 g6 6. Nd5 Bg7 7. Bb5 Bd7 8. 0-0 0-0 9. dxe5 dxe5 10. Nxe5 Nxe5 11. Nxf6+ Bxf6 12. Bxf6 Qxf6 13. Qxd7 Nxd7 14. Bxd7 Rad8 15. Rad1 Qxb2 16. Bg4 Rxd1 17. Bxd1 Qxa2 18. f3 a5 19. Rf2 Qb1 20. Rd2 a4 21. Kf2 a3 22. c4 a2 23. Bc2 Qh1 24. Rd1 Qxd1 25. Bxd1 a1Q 26. Be2 Rd8 27. g4 Rd2 28. h3 Qa2 29. Kg3 Rxe2 30. c5 g5 31. e5 Rg2# 0-1